000 00847nam a22002177a 4500
999 _c13056
_d13056
003 AR-CdUCM
008 190411b ||||| |||| 00| 0 spa d
040 _aMUNICIPALIDAD PROVINCIAL DEL CUSCO
_cBIBLIOTECA MUNICIPAL DEL CUSCO
082 _aC / 373.16 /
_bV66
100 _aVillasante Ortiz, Segundo
_927858
245 _aPractica docente :
_b(técnica del curriculum y observación dirigida) /
260 _aCusco :
_bMejia Ramos,
_c1967.
300 _a156 páginas ;
_c21 cm.
505 _aPlanteamiento educativo -- Plan de estudios -- Programa de estudios -- Curriculum escolar -- EL educador -- Medios auxiliar...
650 _aPlanteamiento educativo.
_931242
650 _aPlan de estudios.
_91745
650 _aProgramas de estudios.
_931243
650 _aCurriculum escolar.
_931244
942 _2ddc
_cLIBROS
945 _awfj
_d2019-04-11